000 00588nam a2200169 a 4500
001 000038539
005 20201002031305.0
008 130412s2011 dr ac r 000 0 spa d
040 _aDO-SdBNP
_bspa
_cBNPHU
082 _axxxx
_bS211g
100 1 _aSánchez Fernández, Kin
_964878
245 1 0 _aGuía de anécdotas, cuentos, crónicas y leyendas d la Ciudad Colonial de Santo Domingo /
_cKin Sánchez Fernández.
260 _aSanto Domingo :
_bClúster Turistico,
_c2011.
300 _a103 p. :
_bil., retrs. ;
_c20 cm.
500 _aTexto a dos columnas
590 _aInventariado, 2018/BT
999 _c38029
_d38029